Click the Office Supply Quiz Stats

 Plays Quiz Updated Feb 2, 2019

Support Sporcle.
Go Orange.
Score 0/18 Timer 03:00
6 Plays Today
% Correct
Calculator
96.7%
Eraser
96.7%
Printer
96.7%
Paper Clip
96.5%
Glue
96.4%
Highlighter
96.2%
Datebook
96%
Adhesive Tape
95.9%
Fountain Pen
95.8%
% Correct
Stapler
95.6%
Staple remover
95.4%
Scissors
95.2%
Pencil
95%
Tack
94%
Rubber Stamp
92.6%
Folders
89.9%
Post-it Note
88.6%
Ring Binder
85.4%

You're not logged in!

Compare scores with friends on all Sporcle quizzes.
OR
Log In
Forgot?

From the Vault

Animal Verbs

by zaphenath

We once knew a man who used 'goat' as a verb. You don't mess with someone like that.
Remove Ads.
Support Sporcle.
Get the best of Sporcle when you Go Orange. This ad-free experience offers more features, more stats, and more fun while also helping to support Sporcle. Thank you for becoming a member.

Show Comments

Extras

Top Quizzes Today


Score Distribution

Your Account Isn't Verified!

In order to create a playlist on Sporcle, you need to verify the email address you used during registration. Go to your Sporcle Settings to finish the process.

Report this User

Report this user for behavior that violates our Community Guidelines.

Details: